000 00553nam a2200181Ia 4500
005 20250423101725.0
008 250422s9999 xx 000 0 und d
020 _a9781613998434
050 _aTN870.5 .K83/
100 _aKuchuk, Fikri J.
245 0 _aWireline formation testing : hardware, pressure transient testing, interpretation and sampling
260 _aUSA
260 _bPennwell
260 _c2022
300 _a1185 p
650 _aPetroleum--Geology. Oil reservoir engineering--Mathematical models. Oil wells--Testing.
942 _cBK
999 _c37086
_d37086